Crop insurance in plantation crops- Where do we stand ? (Record no. 56541)

MARC details
000 -LEADER
fixed length control field 00639nam a2200181Ia 4500
100 ## - MAIN ENTRY--AUTHOR NAME
Personal name Chandran K.P
245 #0 - TITLE STATEMENT
Title Crop insurance in plantation crops- Where do we stand ?
260 ## - PUBLICATION, DISTRIBUTION, ETC. (IMPRINT)
Name of publisher PLACROSYM XXIII. Climate Resilient Technologies for Sustainability of Plantation Crops, 6-8 March 2019, Central Coffee Research Institute, Chikkamangaluru, Karnataka, India, Abstracts, p. 154-155.
650 ## - SUBJECT ADDED ENTRY--TOPICAL TERM
Topical Term Crop insurance
650 ## - SUBJECT ADDED ENTRY--TOPICAL TERM
Topical Term Plantation crops
700 ## - ADDED ENTRY--PERSONAL NAME
Personal name Jayasekhar S
700 ## - ADDED ENTRY--PERSONAL NAME
Personal name Jose C.T
700 ## - ADDED ENTRY--PERSONAL NAME
Personal name Muralidharan K
700 ## - ADDED ENTRY--PERSONAL NAME
Personal name Shil Sandip
856 ## - ELECTRONIC LOCATION AND ACCESS
Uniform Resource Identifier Abst
942 ## - ADDED ENTRY ELEMENTS (KOHA)
Koha item type Journals
Holdings
Withdrawn status Lost status Damaged status Not for loan Home library Current library Shelving location Date acquired Koha item type
      Journals RRII Library RRII Library Rubber general 01/01/2021 Journals